00223nam a2200085Ia 4500008004100000100001800041245003800059260003100097260000900128170620s9999 xx 000 0 und d aSharma- R. A. 0aMental Measurement and Evaluation bMeerut- Surya Publications c2004